000 00565nam a2200193Ia 4500
001 12493
003 GE_BSU
008 181216s||||||||xx |||||||||||||| ||und||
040 _cGE_BSU
080 _a633
100 _aМаксимович,М.М.
245 _aСелекция и семеноводство полевых культур
260 _aМосква
260 _bСельхозгиз
260 _c1962
300 _a406стр.илл.26см.
653 _aСелекция и семеноводство полевых культур
942 _cBK
999 _c45667
_d45667